Možnosti použití auditu při tvorbě informačních systémů
Použitie informačných systémov v audite. Úrovne auditu v informačných systémoch. Druhy auditov projektov. Prevádzkovanie auditov projektov IS. Postup pri audite projektov IS. Vstupné a výstupné dokumenty auditov projektov IS.
Guardado en:
| Autor principal: | |
|---|---|
| Formato: | Capítulo de libro |
| Lenguaje: | checo |
| Materias: | |
| Etiquetas: |
Sin Etiquetas, Sea el primero en etiquetar este registro!
|
MARC
| LEADER | 00000naa a2200000 4500 | ||
|---|---|---|---|
| 001 | r022943 | ||
| 005 | 20230913080717.7 | ||
| 041 | 0 | |a cze | |
| 044 | |a CZ | ||
| 245 | 1 | 0 | |a Možnosti použití auditu při tvorbě informačních systémů |c Vlasta Svatá |
| 520 | |a Použitie informačných systémov v audite. Úrovne auditu v informačných systémoch. Druhy auditov projektov. Prevádzkovanie auditov projektov IS. Postup pri audite projektov IS. Vstupné a výstupné dokumenty auditov projektov IS. | ||
| 610 | 2 | 0 | |a účtovníctvo |
| 610 | 2 | 0 | |a systémy informačné |
| 610 | 2 | 0 | |a audit |
| 610 | 2 | 0 | |a projekty |
| 100 | 1 | |a Svatá, Vlasta | |